000 00197nam a22000857a 4500
008 240403b |||||||| |||| 00| 0 eng d
100 _aCBSE
245 _aHealth Care-X
260 _aNew Delhi
_bCBSE
_c2022
999 _c12546
_d12546